000 01637nam a22003017a 4500
003 DO-SdBNP
005 20210830132231.0
007 ta
008 210702e2018 dr ||||gr|||| 00| e spa d
020 _a9789945899641
040 _aDO-SdBNP
_bspa
_cBPMSU
041 _hspa
082 4 _a342.7293
_bV156d 2018
_222
100 1 _aValentín Jiminián, Julio César
245 1 0 _aDimensiones liberales y progresistas de la constitución de 1963 /
_cJulio César Valentín Jiminián
250 _a2a.ed.
260 _aSanto Domingo :
_bAlfa y Omega,
_c2018
300 _a311 p. :
_c23 cm
500 _aIncluye datos biográficos del autor en la solapa de la cubierta
500 _aIncluye índice onomástico
504 _aBibliografía, p. 197 - 211
505 0 _tDedicatoria.--
_tJulio César Valentín y la Constitución de Bosch.--
_tNotas del autor.--
_tA modo de introducción.--
_tI. Liberalismo, Constitución y progreso.--
_tII. Notas dominantes del constitucionalismo dominicano.--
_tIII. Aspiraciones liberales y progresistas del triunfo de Bosch.--
_tIV. Matices progresistas de la Carta Magna de 1963. De los enunciados a los hechos concretos. Constitucionalismo social y otros contenidos progresistas: manzana de la discordia. El trabajo, los trabajadores y los excluidos. La familia, la educación y la salud. La propiedad y la economía social.
_tV. Legado democrático e histórico del constitucionalismo de 1963.--
590 _aInventariado 2021/VM
610 1 0 _aRepública Dominicana.
_tConstitución (1963)
651 4 _aRepública Dominicana
_xDerecho constitucional
910 _aVMateo V.
942 _2ddc
_cBK
999 _c13690
_d13690